| 000 | 00343nam a22001337a 4500 | ||
|---|---|---|---|
| 005 | 20250901165816.0 | ||
| 008 | 250402b |||||||| |||| 00| 0 eng d | ||
| 020 | _a9789966499240 | ||
| 050 | _aPZ .7 .W39 2007 | ||
| 245 |
_aJACKIE THE RAVENOUS PEST _cWAWERU PETER |
||
| 260 |
_aNAIROBI _bLONGHORN PUBLISHERS _c2007 |
||
| 300 | _a238 | ||
| 942 | _2lcc | ||
| 999 |
_c9505 _d9505 |
||